000
00346cam a2200145ua 4500
041
_a
eng
_h
082
_a
320.01
_b
LIN/LE
100
_a
Lindsay, A.D .
245
_a
Leviathan /
_c
A.D.Lindsay.
_h
Textual Documents
260
_a
London :
_b
J M Dent and Sons Ltd ,
_c
1962.
300
_a
395 ; .
504
_a
942
_c
BK
999
_c
1694
_d
1694